ბათუმის შოთა რუსთაველის სახელმწიფო უნივერსიტეტის ბიბლიოთეკა

იგავ-არაკები (ბიბ.ჩანაწერი № 49671)

000 -LEADER
fixed length control field 00737nam a2200193Ia 4500
001 - CONTROL NUMBER
control field 16604
003 - CONTROL NUMBER IDENTIFIER
control field GE_BSU
008 - FIXED-LENGTH DATA ELEMENTS--GENERAL INFORMATION
fixed length control field 181216s||||||||xx |||||||||||||| ||und||
040 ## - CATALOGING SOURCE
Transcribing agency GE_BSU
080 ## - UNIVERSAL DECIMAL CLASSIFICATION NUMBER
Universal Decimal Classification number 821.353.1-391
245 ## - TITLE STATEMENT
Title იგავ-არაკები
245 ## - TITLE STATEMENT
Statement of responsibility, etc. ძვ. ქართ. თარგმანიდან გადმოაკეთეს და დაამუშავეს ე. გიუნაშვილმა და ზ. კალანდაძემ.რედ.მ.ზუბადალაშვილი
260 ## - PUBLICATION, DISTRIBUTION, ETC.
Place of publication, distribution, etc. თბილისი
260 ## - PUBLICATION, DISTRIBUTION, ETC.
Name of publisher, distributor, etc. ნაკადული
260 ## - PUBLICATION, DISTRIBUTION, ETC.
Date of publication, distribution, etc. 1986
300 ## - PHYSICAL DESCRIPTION
Extent 151გვ. ; 16სმ
653 ## - INDEX TERM--UNCONTROLLED
Uncontrolled term იგავ-არაკები
942 ## - ADDED ENTRY ELEMENTS (KOHA)
Koha item type წიგნი
ეგზემპლარები
Withdrawn status Lost status Damaged status Not for loan Date acquired Barcode Date last seen Price effective from Koha item type
        2018-12-17 41302 2018-12-17 2018-12-17 წიგნი
        2018-12-17 41303 2018-12-17 2018-12-17 წიგნი